Подробности
| 000 -МАРКЕР |
| контрольное поле |
03708nam0a2200397 4500 |
| 001 - ИДЕНТИФИКАТОР ЗАПИСИ |
| контрольное поле |
RU\NLR\BIBL_A\012790466 |
| 005 - ИДЕНТИФИКАТОР ВЕРСИИ |
| контрольное поле |
20221222153257.0 |
| 010 ## - МЕЖДУНАРОДНЫЙ СТАНДАРТНЫЙ НОМЕР КНИГИ (ISBN) |
| Номер (ISBN) |
978-5-93365-135-2 |
| Тираж |
500 |
| 021 ## - НОМЕР ГОСУДАРСТВЕННОЙ РЕГИСТРАЦИИ |
| Код страны |
Российская Федерация |
| Номер |
КН-П-22-007903 |
| Номер Листа государственной регистраци |
КН-П-22-0639 |
| 035 ## - ДРУГИЕ СИСТЕМНЫЕ НОМЕРА |
| Идентификатор записи |
(NLR Aleph) 012790466 |
| 035 ## - ДРУГИЕ СИСТЕМНЫЕ НОМЕРА |
| Идентификатор записи |
(RuMoRGB)010976398 |
| 100 ## - ДАННЫЕ ОБЩЕЙ ОБРАБОТКИ |
| Данные общей обработки |
20220518d2021 k y0rusy50 ca |
| 101 0# - ЯЗЫК РЕСУРСА |
| Язык текста, звукозаписи и т.д. |
русский |
| 102 ## - СТРАНА ПУБЛИКАЦИИ ИЛИ ПРОИЗВОДСТВА |
| Страна публикации |
Российская Федерация |
| 105 ## - ПОЛЕ КОДИРОВАННЫХ ДАННЫХ: ТЕКСТОВЫЕ МАТЕРИАЛЫ, МОНОГРАФИЧЕСКИЕ |
| Кодированные данные о монографическом текстовом документе |
a z 100zy |
| 181 #1 - ПОЛЕ КОДИРОВАННЫХ ДАННЫХ: ВИД СОДЕРЖАНИЯ |
| Код вида содержания (ISBD) |
i |
| Код характеристики содержания (ISBD) |
e |
| 182 #1 - ПОЛЕ КОДИРОВАННЫХ ДАННЫХ: ТИП СРЕДСТВА |
| Код типа средства (ISBD) |
n - непосредственное |
| 200 1# - ЗАГЛАВИЕ И СВЕДЕНИЯ ОБ ОТВЕТСТВЕННОСТИ |
| Основное заглавие |
Управление АРТ-проектами в современной культуре и социуме |
| Сведения, относящиеся к заглавию |
[материалы всероссийской конференции, 18-19 февраля 2021 года] |
| Первые сведения об ответственности |
Министерство культуры Российской Федерации, Ростовская государственная консерватория имени С. В. Рахманинова |
| Последующие сведения об ответственности |
редактор-составитель A. В. Крылова |
| 203 ## - ВИД СОДЕРЖАНИЯ И ТИП СРЕДСТВА |
| Вид содержания |
Текст |
| Дополнительные сведения об издании |
визуальный |
| Тип средства |
непосредственный |
| 210 ## - ПУБЛИКАЦИЯ, РАСПРОСТРАНЕНИЕ И ДР. |
| Место издания, распространения и т.д. |
Ростов-на-Дону |
| Имя издателя, распространителя и т. д. |
Издательство Ростовской государственной консерватории |
| Дата издания, распространения и т.д. |
2021 |
| Место изготовления |
Ростов-на-Дону |
| 215 ## - ФИЗИЧЕСКАЯ ХАРАКТЕРИСТИКА |
| Специфическое обозначение материала и объем |
158 с. |
| Другие сведения о физической характеристике |
ил. |
| Размеры |
22 |
| 320 ## - ПРИМЕЧАНИЯ О НАЛИЧИИ В ДОКУМЕНТЕ БИБЛИОГРАФИИ / УКАЗАТЕЛЯ |
| Текст примечания |
Библиогр. в конце докл. |
| 330 ## - РЕЗЮМЕ ИЛИ РЕФЕРАТ |
| Текст примечания |
B сборнике представлены научные материалы всероссийской конференции, прошедшей в РГК им. С. В. Рахманинова 18-19 февраля 2021 года. Цель авторов - теоретиков и практиков - состояла в осмыслении роли и специфики применения проектного метода в сфере искусства, в оценке текущей ситуации и перспектив использования арт проектирования в профессиональной деятельности продюсеров, музыкальных менеджеров, театральных режиссеров, дирижеров, музыковедов. В книге поднят широкий комплекс проблем, охватывающих различные области управления в сфере музыкального искусства: от современных технологий продвижения арт проектов, особенностей рынка театрально-концертных услуг - до вопросов продюсерства и менеджмента как сферы практико-ориентированного образования |
| 606 1# - НАИМЕНОВАНИЕ ТЕМЫ КАК ПРЕДМЕТ |
| Наименование темы |
Искусство |
| Формальный подзаголовок |
Съезды, совещания и т.п |
| Тематический подзаголовок |
Менеджмент |
| Системный номер авторитетной/нормативной записи |
2198527 |
| Идентификатор авторитетной/нормативной записи |
RU\NLR\AUTH\661321239 |
| 675 ## - УНИВЕРСАЛЬНАЯ ДЕСЯТИЧНАЯ КЛАССИФИКАЦИЯ (UDC/УДК) |
| Индекс |
008-027.21(082) |
| Издание |
4 |
| 686 1# - ИНДЕКСЫ ДРУГИХ КЛАССИФИКАЦИЙ |
| Индекс |
Щ,к я431 |
| 686 1# - ИНДЕКСЫ ДРУГИХ КЛАССИФИКАЦИЙ |
| Индекс |
Щ03(0)к я431 |
| 702 #1 - ИМЯ ЛИЦА - ВТОРИЧНАЯ ОТВЕТСТВЕННОСТЬ |
| Код отношения |
Редактор |
| Графика поля |
Кириллица |
| Материалы, к которым относится поле |
rus |
| Начальный элемент ввода |
Крылова |
| Часть имени, кроме начального элемента ввода |
А. В. |
| Дополнения к именам, кроме дат |
д-р культурологии |
| Расширение инициалов личного имени |
Александра Владимировна |
| Системный номер авторитетной/нормативной записи |
60827 |
| Идентификатор авторитетной/нормативной записи |
RU\NLR\AUTH\7777899 |
| 711 12 - НАИМЕНОВАНИЕ ОРГАНИЗАЦИИ - АЛЬТЕРНАТИВНАЯ ОТВЕТСТВЕННОСТЬ |
| Начальный элемент ввода |
"Управление АРТ-проектами в современной культуре и социуме", всероссийская конференция |
| Место проведения временной организации |
Ростов-на-Дону |
| Дата проведения временной организации |
2021 |
| Системный номер авторитетной/нормативной записи |
799737 |
| Идентификатор авторитетной/нормативной записи |
RU\NLR\AUTH\880566438 |
| 712 02 - НАИМЕНОВАНИЕ ОРГАНИЗАЦИИ - ВТОРИЧНАЯ ОТВЕТСТВЕННОСТЬ |
| Код отношения |
Издающая организация |
| Начальный элемент ввода |
Ростовская государственная консерватория им. C. В. Рахманинова |
| Системный номер авторитетной/нормативной записи |
272438 |
| Идентификатор авторитетной/нормативной записи |
RU\NLR\AUTH\881005 |
| 942 ## - ДОПОЛНИТЕЛЬНЫЕ ЭЛЕМЕНТЫ ЗАПИСИ (АБИС) |
| Тип экземпляра АБИС |
Книга |
| 980 ## - КОЛЛЕКЦИЯ |
| Название коллекции |
Национальная библиография |